000 00357pab a2200145 454500
008 180718b2005 xxu||||| |||| 00| 0 eng d
100 _aPetras, James
245 _aThe meaning of war: a heterodox perspective
260 _c2005
300 _ap.4166-177.
362 _a17 Sep
650 _aWar
773 _aEconomic and Political Weekly
909 _a67029
999 _c67029
_d67029